Missing Word: #1 Hits of 1972 Quiz Stats

Quiz Updated May 11, 2016

Challenge
Share
Tweet
Embed
Score 0/20 Timer 03:00
0 Plays Today
#1 Hit Song Missing Word % Correct
_____ PieAmerican
99%
I Can _____ Clearly NowSee
97%
The First Time I Ever Saw Your _____Face
96.5%
Papa Was a _____ StoneRollin'
94.3%
_____ and WhiteBlack
93.1%
My _____-A-LingDing
90.9%
A _____ With No NameHorse
88.6%
Me and _____ JonesMrs.
82.9%
Heart of _____Gold
81.5%
Alone _____ (Naturally)Again
81.1%
#1 Hit Song Missing Word % Correct
_____ On MeLean
80.2%
_____ Sung BlueSong
77.7%
I Am _____Woman
75.4%
Brandy (You're a _____ Girl)Fine
66.7%
Let's _____ TogetherStay
63.9%
The _____ ManCandy
63%
I'll _____ You ThereTake
56.4%
Baby, Don't Get _____ on MeHooked
51.4%
_____ YouWithout
33.8%
Oh _____Girl
32%

Today's Daily Dose

Missing Word
TV BA - BZ

Word Ladder
Can You Hear Me?

On This Day
May 28th II

You're not logged in!

Compare scores with friends on all Sporcle quizzes.
Join for Free
OR
Log In

You Might Also Like...

Show Comments

Extras

Top Quizzes Today


Score Distribution

Your Account Isn't Verified!

In order to create a playlist on Sporcle, you need to verify the email address you used during registration. Go to your Sporcle Settings to finish the process.

Report this User

Report this user for behavior that violates our Community Guidelines.

Details: